[Event "IECC Team FBIM email"]
[Site "UECC email"]
[Date "2000.??.??"]
[Round "1.2"]
[White "Ronal, Jose"]
[Black "Poleschi, Ricardo D"]
[Result "0-1"]
[WhiteElo "1400"]
[BlackElo "2281"]
[PlyCount "30"]
[EventDate "2000.03.??"]
[EventType "team (corr)"]
[EventRounds "10"]
[SourceTitle "Corr 2002"]
[Source "ChessBase"]
[SourceDate "2002.05.23"]
[SourceVersion "1"]
[SourceVersionDate "2002.05.23"]
[SourceQuality "1"]

1. e4 Nf6 2. Nc3 d5 3. exd5 Nxd5 4. Bc4 Nb6 5. Bb3 Nc6 6. Nf3 Bf5 7. 0-0 e6 8. d4 Na5 9. Bg5 Be7 10. Bxe7 Qxe7 11. Qe2 0-0-0 12. Ne4 Nd5 13. Rfe1 Bg4 14. h3 Bh5 15. c3 Nf4 0-1

[Event "IECC Team FBIM email"]
[Site "UECC email"]
[Date "2000.??.??"]
[Round "7.2"]
[White "Ronal, Jose"]
[Black "Wilhelms, Harald"]
[Result "0-1"]
[WhiteElo "1400"]
[BlackElo "2057"]
[PlyCount "23"]
[EventDate "2000.03.??"]
[EventType "team (corr)"]
[EventRounds "10"]
[SourceTitle "Corr 2002"]
[Source "ChessBase"]
[SourceDate "2002.05.23"]
[SourceVersion "1"]
[SourceVersionDate "2002.05.23"]
[SourceQuality "1"]

1. e4 e5 2. Nf3 Nc6 3. Bb5 a6 4. Ba4 Nf6 5. 0-0 Be7 6. Re1 b5 7. Bb3 0-0 8. c3 d5 9. exd5 Nxd5 10. Nxe5 Nxe5 11. Rxe5 c6 12. Re1 0-1